000
00217 a2200097 4500
001
47886
100
_a
Mowat, R C
245
_a
Middle East Perspective
260
_a
London
_b
Blandford Press
_c
090
_c
30881
_d
30881
942
_a
NUST-CAE
_c
M
_c
23204
999
_c
282959
_d
282959